| 000 | 01557cab a2200193 4500 | ||
|---|---|---|---|
| 001 | L130046 | ||
| 008 | 050617n2005 000 0 eng u | ||
| 035 | _a(Sirsi) u130046 | ||
| 041 | _aeng | ||
| 100 | _aRoss, Jonathan | ||
| 245 | _aCase news: Seine International and others v Park Lane Holdings | ||
| 260 | _c2005 | ||
| 490 |
_aProperty Week _v70(21) 27 May 2005, 70 (1) |
||
| 520 | _aDiscusses "Seine International and others v Park Lane Holdings" (HC, 11 April 2005). The tenants (SI) claimed damages against the landlord (PL) for breach of its covenant for quiet enjoyment. The building in question was in substantial disrepair. The tenants made payment to a maintenance trustee who informed them of the cost of repairs. The trustee erected scaffolding but did not commence repairs. The landlord tried to strike out the claim on the ground that it was not liable for the trustee's action. "Held": that the claimant tenants had an arguable case that their landlord was in breach of its covenant for quiet enjoyment over the erection of scaffolding and that the claim should proceed to full trial. Points out that many residential and mixed-use buildings defer the responsibility for tenants' services to a management company or maintenance trustee, which can cause uncertainty over liability. | ||
| 590 | _aL210605 | ||
| 650 | _aSEINE INTERNATIONAL AND OTHERS V PARK LANE HOLDINGS | ||
| 690 | _aPROPERTY-COMMERCIAL PROPERTY-LEASEHOLD COMMERCIAL PROPERTY-COMMERCIAL LANDLORD AND TENANT-COMMERCIAL LEASES-BREACHING COMMERCIAL LEASES | ||
| 942 | _n0 | ||
| 999 |
_c75417 _d75417 |
||